The chronicles of Avantia : (Record no. 6085)
[ view plain ]
| 000 -LEADER | |
|---|---|
| fixed length control field | 01080nam a22002897a 4500 |
| 001 - CONTROL NUMBER | |
| control field | 6085 |
| 003 - CONTROL NUMBER IDENTIFIER | |
| control field | FISKH |
| 005 - DATE AND TIME OF LATEST TRANSACTION | |
| control field | 20250312121640.0 |
| 008 - FIXED-LENGTH DATA ELEMENTS--GENERAL INFORMATION | |
| fixed length control field | 250310b cb ||||| |||| 00| 0 eng d |
| 020 ## - INTERNATIONAL STANDARD BOOK NUMBER | |
| International Standard Book Number | 9780545361590 |
| 040 ## - CATALOGING SOURCE | |
| Original cataloging agency | FISKH |
| Language of cataloging | eng |
| Transcribing agency | FISKH |
| Modifying agency | FISKH |
| 050 ## - LIBRARY OF CONGRESS CALL NUMBER | |
| Classification number | PZ7.B5347 F |
| 082 ## - DEWEY DECIMAL CLASSIFICATION NUMBER | |
| Classification number | 823.92 |
| 100 ## - MAIN ENTRY--PERSONAL NAME | |
| Personal name | Blade, Adam |
| 245 ## - TITLE STATEMENT | |
| Title | The chronicles of Avantia : |
| Remainder of title | First hero / |
| Statement of responsibility, etc. | By Adam Blade |
| 250 ## - EDITION STATEMENT | |
| Edition statement | First paperback in 2012 |
| 260 ## - PUBLICATION, DISTRIBUTION, ETC. | |
| Place of publication, distribution, etc. | New York : |
| Name of publisher, distributor, etc. | Scholastic, |
| Date of publication, distribution, etc. | 2010 |
| 300 ## - PHYSICAL DESCRIPTION | |
| Extent | 170 pages : |
| Dimensions | 20 cm |
| 505 ## - FORMATTED CONTENTS NOTE | |
| Formatted contents note | R<br/> |
| 520 ## - SUMMARY, ETC. | |
| Summary, etc. | Fifteen-year-old Tanner, with the good Beast Firepos the Flame Bird, is waiting to avenge his father's death by warlord Derthsin when Avantia is menaced by an evil army seeking the pieces of the Mask of Death, which allows its wearer to control all Beasts, and Tanner, aided by twins Gwen and Geffen, sets out to find the pieces first.<br/> |
| 521 8# - TARGET AUDIENCE NOTE | |
| Target audience note | 720<br/> |
| Source | Lexile<br/> |
| 521 8# - TARGET AUDIENCE NOTE | |
| Target audience note | R<br/> |
| Source | Raz-Plus<br/> |
| 650 ## - SUBJECT ADDED ENTRY--TOPICAL TERM | |
| Source of heading or term | Accelerated Reader |
| Topical term or geographic name entry element | Lilly |
| 650 ## - SUBJECT ADDED ENTRY--TOPICAL TERM | |
| Source of heading or term | Maren |
| Topical term or geographic name entry element | Children 8+ |
| 942 ## - ADDED ENTRY ELEMENTS (KOHA) | |
| Source of classification or shelving scheme | Dewey Decimal Classification |
| Koha item type | Books |
| Suppress in OPAC | No |
| Withdrawn status | Lost status | Source of classification or shelving scheme | Damaged status | Not for loan | Collection | Home library | Current library | Shelving location | Date acquired | Total Checkouts | Full call number | Barcode | Date last seen | Date last checked out | Copy number | Price effective from | Koha item type |
|---|---|---|---|---|---|---|---|---|---|---|---|---|---|---|---|---|---|
| Dewey Decimal Classification | Juvenile Fiction | Footprints International School Library Network Toul Tom Poung Campus | Footprints International School Library Network Toul Tom Poung Campus | TTP Primary Orange Bookshelves | 03/10/2025 | 2 | BLA 823.92 PZ7.B5347 F | 2025-0759 | 10/09/2025 | 08/08/2025 | 1 | 03/10/2025 | Books |
